Enemies of North American Countries - Statistics

General Stats
  • This quiz has been taken 139 times
  • The average score is 12 of 18
Answer Stats
Country Enemy % Correct
United States China/Russia/North Korea
90%
Cuba United States
90%
Canada China
82%
Nicaragua United States
80%
Haiti Dominican Republic
79%
Dominican Republic Haiti
79%
Bahamas Cuba
77%
Belize Guatemala
74%
El Salvador Honduras
71%
Barbados Russia
68%
Guatemala Belize
65%
Honduras El Salvador
62%
Panama Cuba
57%
Costa Rica Honduras
54%
Mexico North Korea
44%
Trinidad and Tobago Jamaica
43%
Grenada Venezuela
43%
Jamaica Trinidad and Tobago
39%
No matching quizzes found
Score Distribution
Percent of People with Each Score
Percentile by Number Answered
Your Score History
You have not taken this quiz